000 00363nam a2200133Ia 4500
008 240624s9999 xx 000 0 und d
041 _aeng
082 _a005.74068 POU
100 _aKHOSROW POUR MEHDI
245 _aCASES ON DATABASE TECHNOLOGIES AND APPLI
260 _c2006
_aLondon
_bIdea Group Publishing
300 _axi, : 292 : p. : cm. ; 25
365 _c
_b36
999 _c8496
_d8496